000 01251nam a2200325 4500
003 EC-UNACH
005 20260317092340.0
006 s||||gr|||| 00| 00
008 150116t9999 mx r gr 000 0 spa d
020 _a958-20-0771-0
040 _aEC-UNACH
_cEC-UNACH
041 _aEspañol
082 0 4 _223
_a516.9
_bL018586
100 _aEstrada G., William F.
245 _aGEOMETRÍA FRACTAL
_bConceptos y procedimientos para la construcción de fractales
250 _aPrimera Edición
264 _aBogotá, D.C. - Colombia
_bDidácticas Magisterio
_c2004
300 _a183 páginas
_bTablas, figuras
_c24 x 16 centímetros
501 _aIncluye Contenido, Introducción, Bibliografía,
505 _aCapítulo 1. Fractales clásicos y autosimilaridad -- Capítulo 2. Dimensión fractal -- Capítulo 3. Movimientos y matrices -- Capítulo 4. Composición de movimientos -- Capítulo 5. Un método de construcción de factales
650 _aGEOMETRÍA FACTAL
650 _aMOVIMIENTOS Y MATRICES
650 _aCONSTRUCCIÓN DE FRACTALES
650 _aCAJA FRACTAL
650 _aSIMILITUD
942 _2ddc
_c1
999 _c14423